000 00590nam a2200193Ia 4500
003 GCL
008 140319s9999 xx 000 0 ara d
040 _aGCL /
_cGCL
082 0 4 _a792.8
_bو م
100 1 _aاحمد رضا محمد رضا
245 1 0 _aمعجم البالية (هدية من الاديب عبدالفتاح الجمل) /
_cاحمد رضا محمد رضا
700 1 _aويلسون، ج.ا.
700 1 _aمحمود خليل النحاس (مترجم)
300 _a521 ص
490 _a
650 0 4 _aالمعاجم
650 0 4 _aالبالية
942 _2ddc
_cBK
999 _c41105
_d41105